Sports Quiz

Random Sports Quiz

Suga J's nicknames Quiz Stats

Quiz not verified by Sporcle

Challenge
Share
Tweet
Embed
Score 0/21 Timer 03:00
0 Plays Today
% Correct
suga
97.6%
suga j
63.4%
j
63.4%
j-money
53.7%
flandangary
48.8%
sugar
46.3%
flandagger
43.9%
pool legend
41.5%
husky hopefull
34.1%
boss
34.1%
j suga
31.7%
% Correct
tsunami
31.7%
suga gay
31.7%
sugar j
31.7%
flash
24.4%
flandandangary
24.4%
flanimal
22%
jpf iv
19.5%
suga **** j
17.1%
Mr. frustration
14.6%
**** in my pants
12.2%

You're not logged in!

Compare scores with friends on all Sporcle quizzes.
Join for Free
OR
Log In

You Might Also Like...

Show Comments

Extras

Created Mar 13, 2010ReportNominate
Tags:nickname, suga

Top Quizzes Today


Score Distribution

Your Account Isn't Verified!

In order to create a playlist on Sporcle, you need to verify the email address you used during registration. Go to your Sporcle Settings to finish the process.

Report this User

Report this user for behavior that violates our Community Guidelines.

Details: